| 000 | 00806nam a2200253 a 4500 | ||
|---|---|---|---|
| 001 | 74671 | ||
| 003 | BD-RjUL | ||
| 005 | 20211209082603.0 | ||
| 008 | 181117r19561963n a|||| bi|| 001 0 eng d | ||
| 035 | _a(BD-RjUL)74889 | ||
| 040 |
_aBD-RjUL _beng _cBD-RjUL |
||
| 041 | _aeng | ||
| 082 |
_223 _a543.5 _bDUC 1963 |
||
| 100 |
_aDuncan, A.B.F. _9224955 |
||
| 245 |
_aCamical Applications of Spectroscopy / _cA.b.F. Duncan...[et-all] ; Editor W.West |
||
| 260 |
_aNewYork : _bInterscience pub. , _cc1956 [1963] |
||
| 300 |
_aV. ; _bill. ; _c24 cm |
||
| 490 |
_aTechnique of organic Chemistry ; _vV-9 |
||
| 504 | _aIncludes Bibliographical Reference and Index | ||
| 505 | _aVol. 9. Technique of organic Chemistry .-- | ||
| 650 |
_aSpectrum analysis _9224956 |
||
| 700 |
_aWest, W. _9224960 |
||
| 942 |
_2ddc _cBK |
||
| 999 |
_c74671 _d74671 |
||